Жінка вчора й сьогодні (Запис № 307385)

МАРК-запис
000 -LEADER
fixed length control field 00706nam a22002537a 4500
001 - CONTROL NUMBER
control field 21192
003 - CONTROL NUMBER IDENTIFIER
control field UA-OsUOA
005 - DATE AND TIME OF LATEST TRANSACTION
control field 20201225141721.0
007 - PHYSICAL DESCRIPTION FIXED FIELD--GENERAL INFORMATION
fixed length control field ta
008 - FIXED-LENGTH DATA ELEMENTS--GENERAL INFORMATION
fixed length control field 20031121b un ||||| |||| 00| 0 ukr d
040 ## - CATALOGING SOURCE
Original cataloging agency UA-OsUOA
Language of cataloging rus
Transcribing agency UA-OsUOA
Modifying agency UA-OsUOA
041 ## - LANGUAGE CODE
Language code of text/sound track or separate title rus
044 ## - COUNTRY OF PUBLISHING/PRODUCING ENTITY CODE
MARC country code US
080 ## - UNIVERSAL DECIMAL CLASSIFICATION NUMBER
Universal Decimal Classification number 396
090 ## - LOCALLY ASSIGNED LC-TYPE CALL NUMBER (OCLC); LOCAL CALL NUMBER (OCLC)
Classification number (OCLC) (R) ; Classification number, CALL (RLIN) (NR) 396
Local cutter number (OCLC) ; Book number/undivided call number, CALL (RLIN) К53
100 ## - MAIN ENTRY--PERSONAL NAME
Personal name Книш І.
245 ## - TITLE STATEMENT
Title Жінка вчора й сьогодні
Remainder of title вибранні статті
260 ## - PUBLICATION, DISTRIBUTION, ETC. (IMPRINT)
Place of publication, distribution, etc Вінніпег
Name of publisher, distributor, etc Накладом авторки
Date of publication, distribution, etc 1958
300 ## - PHYSICAL DESCRIPTION
Extent 199 с.
Other physical details Ілюстрації
650 #7 - SUBJECT ADDED ENTRY--TOPICAL TERM
Source of heading or term UDC
942 ## - ADDED ENTRY ELEMENTS (KOHA)
Koha item type Книги
Source of classification or shelving scheme Universal Decimal Classification
955 ## - COPY-LEVEL INFORMATION (RLIN)
Classification number, CCAL (RLIN) інше
Фонди
Withdrawn status Lost status Source of classification or shelving scheme Damaged status Not for loan Collection code Home library Current library Date acquired Source of acquisition Cost, normal purchase price Inventory number Total Checkouts Full call number Barcode Date last seen Price effective from Koha item type
    Universal Decimal Classification     Колекція бібліотеки інституту Св. Івана АБ - Абонемент НБ АБ - Абонемент НБ 07/06/2012 48/2012 5.00 138922   396 К53 138922 11/02/2022 21/11/2003 Книги
    Universal Decimal Classification     Колекція бібліотеки інституту Св. Івана АБ - Абонемент НБ АБ - Абонемент НБ 08/06/2012 48/2012 5.00 138996   396 К53 138996 11/02/2022 21/11/2003 Книги
Withdrawn   Universal Decimal Classification       АБ - Абонемент НБ АБ - Абонемент НБ 21/11/2003     53198   396 К53 53198 13/07/2019 21/11/2003 Книги
    Universal Decimal Classification       Наукова бібліотека ІДУД Наукова бібліотека ІДУД 11/07/2006 28/2006 1.00 2125431   081(396) К53 2125431 15/09/2019 11/07/2006 Книги
    Universal Decimal Classification       Наукова бібліотека ІДУД Наукова бібліотека ІДУД 04/06/2015 323/2015 1.00 2137904   081(396) К53 2137904 15/09/2019 11/07/2006 Книги